| 000 | 00688nam a2200229Ia 4500 | ||
|---|---|---|---|
| 008 | 101110s9999 xx 000 0 und d | ||
| 041 | _aENGLISH | ||
| 082 | _bSR34556 | ||
| 100 | _aMurphy Herta A., Hildeebrandu Herbert W. & Thomas Jane P. | ||
| 245 | _aEffective business communication, 7th edition | ||
| 260 |
_c2008 _bTata McGraw Hill Education, New Delhi |
||
| 300 | _a619 | ||
| 365 | _b375 | ||
| 520 | _aCommerce | ||
| 520 | _aTransfer to IT Dept., dt. 10/8/10 | ||
| 546 | _aENGLISH | ||
| 630 | _aEffective business communication, 7th edition | ||
| 650 | _aCommerce | ||
| 655 | _aCommerce | ||
| 730 | _aEffective business communication, 7th edition | ||
| 942 | _cBOOK | ||
| 999 |
_c827057 _d827054 |
||